000 00663nam a2200265Ia 4500
005 20260302115259.0
008 008 260114s9999 xx 000 0 eng d
020 _a9798400629372
037 _aTextbook
040 _aCRL
040 _beng
040 _cCRL
041 _2eng
041 _aeng
084 _qCRL
100 _aJames Morrison
_91046721
245 2 _aA Companion to Homer's Odyssey
260 _bBloomsbury
260 _bGreenwood
260 _c2003
650 _aLiterary Studies
856 _uhttps://doi.org/10.5040/9798400629372?locatt=label:secondary_bloomsburyCollections
942 _cEBOOK
999 _c1685625
_d1685625